Statistics for Modern-Day Countries of the Timurid Empire with a Map

Click here to take the quiz!

General Stats

  • This quiz has been taken 710 times
  • The average score is 17 of 17

Answers on the Map

Answers color-coded by a green-red scale on the quiz's map according to % correct below.
 

Answer Stats

Countries% Correct
Iran
100%
Iraq
100%
Pakistan
100%
Afghanistan
99%
Armenia
99%
Azerbaijan
99%
Georgia
99%
India
99%
Kazakhstan
99%
Russia
99%
Syria
99%
Turkey
99%
Turkmenistan
99%
Uzbekistan
99%
Kyrgyzstan
98%
Tajikistan
98%
Kuwait
96%

Score Distribution

Percentile by Number Answered

Percent of People with Each Score

Your Score History

You have not taken this quiz